مكتبة جامعة عجلون الوطنية

فهرس بحث المكتبة

Normal view MARC view
  • عبدالله بن الحسين بن علي، ملك الأردن، 1988 - 1951؛ اشراف البخيت، محمد عدنان، جمع وإعداد محمد عدنان البخيت، جمع وإعداد هند غسان أبو الشعر، جمع وإعداد نوفان رجا السوارية، جمع وإعداد بكر خازر المجالي

Entry Personal Name

Number of records used in: 1

001 - CONTROL NUMBER

  • control field: 55863

003 - CONTROL NUMBER IDENTIFIER

  • control field: JO-AjAnu

005 - DATE AND TIME OF LATEST TRANSACTION

  • control field: 20230606083146.0

008 - FIXED-LENGTH DATA ELEMENTS

  • fixed length control field: 230606|| aca||aabn | a|a d

040 ## - CATALOGING SOURCE

  • Original cataloging agency: JO-AjAnu
  • Transcribing agency: JO-AjAnu

100 ## - HEADING--PERSONAL NAME

  • Personal name: عبدالله بن الحسين بن علي، ملك الأردن، 1988 - 1951؛ اشراف البخيت، محمد عدنان، جمع وإعداد محمد عدنان البخيت، جمع وإعداد هند غسان أبو الشعر، جمع وإعداد نوفان رجا السوارية، جمع وإعداد بكر خازر المجالي

670 ## - SOURCE DATA FOUND

  • Source citation: Work cat.: (JO-AjAnu)28512: عبدالله بن الحسين بن علي، ملك الأردن، 1988 - 1951؛ اشراف البخيت، محمد عدنان، جمع وإعداد محمد عدنان البخيت، جمع وإعداد هند غسان أبو الشعر، جمع وإعداد نوفان رجا السوارية، جمع وإعداد بكر خازر المجالي, author, الوثائق الهاشمية: أوراق عبدالله بن الحسين : خط التابلاين خط أنابيب البترول عبر البلاد العربية 1365--هجري/1946م 1370هجري/1951م، مج 14، القسم 1